01233nam a2200325 a 4500001001200000003000800012006001900020007001500039008004100054010001700095020002800112020001800140020002700158040002100185035002100206050002500227082001200252100002800264245006500292260007000357300001400427504006400441533015200505650004400657650001700701655002900718710001700747856012600764999001700890ebr10642514CaPaEBRm u cr cn|||||||||021206s2004 dcu sb 001 0 eng d z 2002155213 z0813213177 (alk. paper) z9780813213170 z9780813220390 (e-book) aCaPaEBRcCaPaEBR a(OCoLC)81722457514aBT701.3b.C76 2004eb04a1262211 aCrosby, John F.,d1944-10aPersonalist papersh[electronic resource] /cJohn F. Crosby. aWashington, D.C. :bCatholic University of America Press,cc2004. ax, 274 p. aIncludes bibliographical references (p. 265-269) and index. aElectronic reproduction.bPalo Alto, Calif. :cebrary,d2013.nAvailable via World Wide Web.nAccess may be limited to ebrary affiliated libraries. 0aTheological anthropologyxChristianity. 0aPersonalism. 7aElectronic books.2local2 aebrary, Inc.40uhttp://site.ebrary.com/lib/rucke/Doc?id=10642514zAn electronic book accessible through the World Wide Web; click to view c43796d43796